[Event "Hessen-chA"]
[Site "Frankfurt"]
[Date "2018.05.10"]
[Round "1"]
[White "Romero Flores, Cesar Antonio"]
[Black "Philipp, Jan"]
[Result "1-0"]
[WhiteElo "1964"]
[BlackElo "1787"]
[PlyCount "67"]
[EventDate "2018.05.10"]
[EventType "swiss"]
[EventRounds "7"]
[EventCountry "GER"]
[SourceTitle "EXT 2019"]
[Source "ChessBase"]
[SourceDate "2018.10.10"]
[SourceVersion "1"]
[SourceVersionDate "2018.10.10"]
[SourceQuality "1"]

1. e4 c6 2. d4 d5 3. e5 Bf5 4. g4 Bg6 5. h4 h6 6. Nh3 e6 7. Nf4 Ne7 8. Nc3 Nd7 9. h5 Bh7 10. Bd3 Bxd3 11. Nxd3 Rc8 12. Be3 b6 13. f4 c5 14. Nb5 Nc6 15. c3 c4 16. Nf2 a6 17. Na3 b5 18. f5 Be7 19. Nc2 Nb6 20. Qf3 Na4 21. 0-0 Nxb2 22. Nh3 Kd7 23. Nf4 Na4 24. fxe6+ fxe6 25. Nxe6 Qg8 26. Nf4 Nxc3 27. e6+ Kc7 28. Bd2 Na4 29. Nxd5+ Kd8 30. Nxe7 Nxe7 31. Ba5+ Ke8 32. Rae1 Nc6 33. Qd5 Ne5 34. Rxe5 1-0